Vista normal
Vista MARC
Entrada Geographic Name
Número de registros utilizados en: 1
001 - CONTROL NUMBER
- control field: 44359
003 - CONTROL NUMBER IDENTIFIER
- control field: OSt
005 - DATE AND TIME OF LATEST TRANSACTION
- control field: 20250926162243.0
008 - FIXED-LENGTH DATA ELEMENTS
- fixed length control field: 250926|| aca||aabn | a|a d
040 ## - CATALOGING SOURCE
- Original cataloging agency: OSt
- Transcribing agency: OSt
151 ## - HEADING--GEOGRAPHIC NAME
- Geographic name: Santiago de Cali (Valle del Cauca, Colombia)
- General subdivision: Vida social y costumbres
670 ## - SOURCE DATA FOUND
- Source citation: Work cat.: (OSt)31093: El delirio de Cali / , 2008.